000 00373nam a22001337a 4500
005 20260115123441.0
008 260115b |||||||| |||| 00| 0 eng d
020 _a9789390780440
100 _aChopra Nidhi
_d2022
245 _aAdvanced Microprocessor
_c/Nidhi Chopra
260 _aNew Delhi:
_bRandom Publications LLP:
_c2022
300 _aviii; 293p.
_c24cm
942 _2lcc
_cBK
_n0
999 _c119
_d119